• 首页
  • 本馆介绍
  • 公告通知
  • 最新文献
  • 馆藏检索
  • 电子资源
  • 读者导购
  • 参考咨询
  • 我的图书馆
  • 登录
  • 详细信息显示
  • 放入我的书架
  • 预约/预借图书
  • 作者相关作品
  • 分类相关作品
  • 丛书相关作品
  • 出版社相关作品

书目信息

  • 表格格式
  • 工作单格式
  • 卡片格式
题名:
企业税务管理
    
 
作者: 王家贵 主编
分册:  
出版信息: 北京   北京师范大学出版社  2007
页数: 10,428页
开本: 23cm
丛书名:
单 册:
中图分类: F812.423
科图分类:
主题词: 企业管理--税收管理--中国--高等学校--教材 , 企业管理 , 税收管理
电子资源:
ISBN: 978-7-303-08850-8
000 01076nam0 2200277 45
001 1029871824
005 20100428150343.23
010    @a978-7-303-08850-8@dCNY36.00
100    @a20100420d2007 em y0chiy50 ea
101 0  @achi
102    @aCN@b110000
105    @ay z 000yy
106    @ar
200 1  @a企业税务管理@AQi Ye Shui Wu Guan Li@dCorporate taxation management@f王家贵主编@FWang Jia Gui Zhu Bian@zeng
210    @a北京@c北京师范大学出版社@d2007
215    @a10,428页@d23cm
300    @a新世纪高等学校教材 工商管理本土化系列教材
330    @a本书内容包括:企业税务管理导论、企业纳税实务管理、企业经营的税法常识、企业节税的基本途径、企业节税筹划的常用方法、企业商务合同的税务管理、企业营销的税务管理、企业投资的税务管理、企业筹资的税务管理、企业税务会计管理等。
510 1  @aCorporate taxation management@zeng
606 0  @a企业管理@x税收管理@y中国@x高等学校@j教材
606 0  @a企业管理
606 0  @a税收管理
690    @aF812.423@v4
701  0 @a王家贵@AWang Jia Gui@4主编
801  0 @aCN@bTANGWEI@c20100428
905    @b0593482-86@dF812.423@e53@f5
    
    企业税务管理=Corporate taxation management/王家贵主编.-北京:北京师范大学出版社,2007
    10,428页;23cm
    新世纪高等学校教材 工商管理本土化系列教材
    
    ISBN 978-7-303-08850-8:CNY36.00
    本书内容包括:企业税务管理导论、企业纳税实务管理、企业经营的税法常识、企业节税的基本途径、企业节税筹划的常用方法、企业商务合同的税务管理、企业营销的税务管理、企业投资的税务管理、企业筹资的税务管理、企业税务会计管理等。
●
相关链接 在E读中查询图书 在五车中查询图书 在当当中查询图书 在豆瓣中查询图书


正题名:企业税务管理     索取号:F812.423/53         预约/预借

序号 登录号 条形码 馆藏地/架位号 状态 备注
1 0593482   205934827   第一样本阅览室/ [索取号:F812.423/53] 在馆    
2 0593483   205934836   第一借阅区/ [索取号:F812.423/53] 在馆    
3 0593484   205934845   第一借阅区/ [索取号:F812.423/53] 在馆    
4 0593485   205934854   第一借阅区/ [索取号:F812.423/53] 在馆    
5 0593486   205934863   第一借阅区/ [索取号:F812.423/53] 在馆    
唐山师范学院图书馆 欢迎您!
大连网信软件有限公司© 版权所有